000 00438nam a2200181Ia 4500
001 23180
005 20260414150920.0
008 260414t2015||||xx |||||||||||||| ||spa||
041 _aESP
082 _a625.725
_bC28
100 _aCárdenas Grisales, James
_eAUT
245 0 _aDiseño geométrico de carreteras
_b
260 _c2015
300 _a493 páginas :
_c25 cm.
650 _a0
654 _aCIC
942 _cLIB
_dJUS
_fJUS
_2ddc
_n
999 _c23180
_d23180